000 00761nam0a22002651 4500
001 RU\NLR\INFOCOMM10\ROSSICA\1000020458
005 20250613192441.0
035 _a(NLR Aleph) 009951639
090 _a10788507
_c10788507
100 _a20030915d1887 |||y0rusy50 ca
101 1 _ager
_crus
102 _aRU
105 _ay ||||000ay
200 1 _aUeber die Möglichkeit einer genauen Kreisbogenverzahnung
_fPetroff, N.P.
_gNach dem russischen Original bearbeitet von G.Doepp
210 _aSt.Petersburg
_d1887
215 _d
700 1 _aPetroff
_bN.P.
_4070
702 1 _aDoepp
_bG.
_4340
801 1 _aRU
_bInfoComm
_c20030915
801 0 _aRU
_bNLR
_gPSBO
852 _aNLR
_j12.53.8.602
942 _cBOOK
980 _aNB
980 _aRossica